| 000 | 00733nam a2200217 i 4500 | ||
|---|---|---|---|
| 001 | 6131 | ||
| 003 | ES-MaACL | ||
| 005 | 20250719032101.0 | ||
| 007 | t| | ||
| 008 | 890810q1989 pr |||| |bspa d | ||
| 080 | _a929 Hostos, Eugenio Maria de | ||
| 100 | 1 |
_aRuano, Argimiro. _9100265 |
|
| 245 | 1 | 0 |
_aHostos segun Hostos / _cArgimiro Ruano. |
| 260 |
_aMayagüez, Puerto Rico : _bEdiciones Sesquicentenario, Centro Cultural Eugenio Maria de Hostos, _c[1989?] |
||
| 300 |
_a188 p. ; _c23 cm. |
||
| 504 | _aBibliografía: p. 179-185. | ||
| 600 | 1 | 4 |
_aHostos, Eugenio María de, _d1839-1903- _xBiografías _964303 |
| 710 | 2 |
_aCentro Cultural Eugenio María de Hostos. _92580 |
|
| 852 |
_aES-MaACL _jL-13304 |
||
| 999 |
_c6131 _d6131 |
||